Para conocer el islam

সংরক্ষণ করুন:
গ্রন্থ-পঞ্জীর বিবরন
প্রধান লেখক: Jomier, Jacques (Author)
বিন্যাস: গ্রন্থ
ভাষা:ইংরেজি
প্রকাশিত: Pamplona Verbo Divino 1994
সংস্করন:Segunda edición
বিষয়গুলি:
ট্যাগগুলো: ট্যাগ যুক্ত করুন
কোনো ট্যাগ নেই, প্রথমজন হিসাবে ট্যাগ করুন!

MARC

LEADER 00000nam a22000007a 4500
003 CL-VaPUC
005 20230725100656.0
008 200124b ||||| |||| 00| 0 eng d
999 |c 388102  |d 388100 
040 |c Pontificia Universidad Católica de Valparaíso 
082 |a 297 JOM 1994 
100 |a Jomier, Jacques  |e author  |9 487564 
245 |a Para conocer el islam  
250 |a Segunda edición 
260 |a Pamplona  |b Verbo Divino  |c 1994 
300 |a 165 p 
583 |c 20200124  |k Valeria Valenzuela 
650 0 0 |a Islamismo  |9 314084 
650 0 0 |a Creencias religiosas   |9 373391 
942 |2 ddc  |c BK 
952 |0 0  |1 0  |2 ddc  |4 0  |6 297_000000000000000_JOM_1994  |7 0  |8 DER_HDC  |9 512058  |a BIBDER  |b BIBDER  |d 2020-01-24  |i 5616549  |l 1  |o 297 JOM 1994  |p 5616549  |r 2023-01-25  |s 2020-04-30  |t 1  |w 2020-01-24  |x Ubicación 4to Piso  |y BK  |z Estos recursos deben solicitarse con anticipación  |k DER